000 00544nam a22001577a 4500
020 _qHard Cover.
082 _a621.3
100 _aFazal, Qandeel
245 _aRobust Fault Tolerant Control of an Unmanned Aerial Vehicle in the Presence of Actuator Faults /
_cQandeel Fazal
260 _aIslamabad :
_bCEME -NUST,
_c2016.
300 _axiii, 84 p. : ill. ;
_c30cm.
650 _aElectrical Engineering-MS-Thesis
_916073
700 _aDr. Muwahida Liaquat
_917301
942 _2ddc
_cTHE
999 _c540399
_d540399